Missing Word: Possessive Titles Quiz Stats

Quiz Updated Apr 23, 2015

Challenge
Share
Tweet
Embed
Score 0/20 Timer 06:00
0 Plays Today
Title Missing Word % Correct
Gulliver's _____Travels
97%
Sophie's _____Choice
95.1%
The Razor's _____Edge
89%
Angela's _____Ashes
85.7%
Cat's _____Cradle
77.8%
The French Lieutenant's _____Woman
70.2%
The Handmaid's _____Tale
69.8%
King Solomon's _____Mines
63.7%
Captain Corelli's _____Mandolin
62.4%
Portnoy's _____Complaint
61.5%
Title Missing Word % Correct
The Pilgrim's _____Progress
58.8%
The Executioner's _____Song
43.9%
Foucault's _____Pendulum
34.4%
Gravity's _____Rainbow
33.9%
The Children's _____Hour
29.2%
Smiley's _____People
23.7%
The Women's _____Room
21.2%
The Optimist's _____Daughter
17.2%
Time's _____Arrow
12.7%
Humboldt's _____Gift
11.7%

Today's Daily Dose

Missing Word
The Killers Songs

Word Ladder
1967 Film

Quick Pick
Flag Names

On This Day
February 24th II

You're not logged in!

Compare scores with friends on all Sporcle quizzes.
Sign Up with Email
OR
Log In

You Might Also Like...

Show Comments

Extras

Top Quizzes Today


Score Distribution

Your Account Isn't Verified!

In order to create a playlist on Sporcle, you need to verify the email address you used during registration. Go to your Sporcle Settings to finish the process.